000 00517nam a2200205Ia 4500
001 8240
003 IVS
005 20250626025604.0
008 211022s9999 xx 000 0 und d
040 _cIVS
082 _a746 TAY
100 _aTayyaba Asad
245 0 _aBabywear in the local market
260 _aKarachi
260 _bIndus Valley School
260 _c2005
300 _av. p.
856 _uhttps://drive.google.com/file/d/1S_jFXd73yA1Nif-xEv9XUaUpWJ6bm34B/view?usp=sharing
942 _cDISS
_n0
_2ddc
999 _c5793
_d5793